| 000 | 00356nam a2200133Ia 4500 | ||
|---|---|---|---|
| 008 | 240624s9999 xx 000 0 und d | ||
| 041 | _aeng | ||
| 082 | _a658 PIL | ||
| 100 | _aPILLAI RADHAKRISHNAN | ||
| 245 | _aCORPORATE CHANAKYA SUCCESSFUL MANAGEMENT | ||
| 260 |
_c2017 _aMumbai _bJaico Publishing House |
||
| 300 | _axxvi, 317 p.; 23 cm. | ||
| 365 | _cRS | ||
| 999 |
_c30759 _d30759 |
||